[Event "GER-ch U16"]
[Site "Willingen"]
[Date "2015.05.30"]
[Round "9"]
[White "Rinck, Michael"]
[Black "Niermann, Tristan"]
[Result "1-0"]
[WhiteElo "1914"]
[BlackElo "2010"]
[PlyCount "85"]
[EventDate "2015.05.24"]
[EventType "swiss"]
[EventRounds "9"]
[EventCountry "GER"]
[SourceTitle "CBM 166 Extra"]
[Source "ChessBase"]
[SourceDate "2015.06.18"]
[SourceVersion "1"]
[SourceVersionDate "2015.06.18"]
[SourceQuality "1"]

1. c4 c6 2. g3 Nf6 3. Nf3 d5 4. Bg2 Bf5 5. cxd5 cxd5 6. Qb3 Nc6 7. d3 Qd7 8. Bf4 e6 9. Nc3 Be7 10. 0-0 h6 11. Rfe1 0-0 12. e4 Bh7 13. Ne5 Nxe5 14. Bxe5 dxe4 15. dxe4 Ng4 16. Rad1 Qc8 17. Bd4 Bc5 18. e5 Rd8 19. Qc4 Bxd4 20. Rxd4 h5 21. h3 Nh6 22. Rxd8+ Qxd8 23. Rd1 Qe7 24. Qb5 Rd8 25. Rxd8+ Qxd8 26. Qxb7 a5 27. Nb5 Bg6 28. Nd6 Nf5 29. Qc6 Qb8 30. Qa8 Qxa8 31. Bxa8 Nxd6 32. exd6 Kf8 33. Bc6 f6 34. a3 h4 35. b4 axb4 36. axb4 Bd3 37. b5 e5 38. b6 Ba6 39. b7 Bxb7 40. Bxb7 Kf7 41. Bd5+ Ke8 42. Be6 g6 43. g4 1-0

[Event "GER-ch U16"]
[Site "Willingen"]
[Date "2015.05.29"]
[Round "8"]
[White "Schroeder, Kevin"]
[Black "Rinck, Michael"]
[Result "1/2-1/2"]
[WhiteElo "2238"]
[BlackElo "1914"]
[PlyCount "248"]
[EventDate "2015.05.24"]
[EventType "swiss"]
[EventRounds "9"]
[EventCountry "GER"]
[SourceTitle "CBM 166 Extra"]
[Source "ChessBase"]
[SourceDate "2015.06.18"]
[SourceVersion "1"]
[SourceVersionDate "2015.06.18"]
[SourceQuality "1"]

1. e4 c5 2. Nf3 e6 3. d4 cxd4 4. Nxd4 a6 5. c4 Nf6 6. Nc3 d6 7. Be2 Qc7 8. 0-0 Nbd7 9. Be3 Be7 10. Qd2 b6 11. f3 Bb7 12. a4 0-0 13. a5 Rac8 14. Nb3 Rfd8 15. Na4 bxa5 16. Qxa5 Nc5 17. Naxc5 dxc5 18. Qxc7 Rxc7 19. Rfd1 Rxd1+ 20. Rxd1 Nd7 21. Bd2 Ne5 22. f4 Nc6 23. Be3 Nb4 24. Bxc5 Rxc5 25. Rd7 Bxe4 26. Nd2 Bd3 27. Bxd3 Nxd3 28. Rxd3 Rc8 29. Rd7 Bc5+ 30. Kf1 Be3 31. Ne4 Bxf4 32. g3 Be5 33. b4 h6 34. c5 Rb8 35. Nf2 Rxb4 36. Nd3 Rc4 37. Nxe5 Rxc5 38. Rd8+ Kh7 39. Nd7 Rc1+ 40. Kg2 Kg6 41. Ra8 Rc2+ 42. Kh3 Ra2 43. Ra7 h5 44. Nc5 a5 45. Nb7 Kh6 46. Rxa5 Rd2 47. g4 hxg4+ 48. Kg3 f5 49. Re5 g5 50. Nc5 f4+ 51. Kxg4 Rg2+ 52. Kf3 Rxh2 53. Nxe6 Rh3+ 54. Kf2 Rg3 55. Nd4 Kg6 56. Re6+ Kf7 57. Ra6 g4 58. Ne2 Rd3 59. Ra4 g3+ 60. Ke1 Rf3 61. Nxf4 Kf6 62. Ke2 Rf2+ 63. Ke3 Kf5 64. Nd3 Rc2 65. Kf3 g2 66. Ra5+ Kf6 67. Ra1 Rc3 68. Ke3 Rc4 69. Rg1 Rg4 70. Kf3 Rg8 71. Nf4 Kf5 72. Nxg2 Rh8 73. Ne3+ Ke5 74. Rg5+ Kf6 75. Ra5 Rh3+ 76. Kf4 Rh1 77. Ra6+ Ke7 78. Ke5 Kd7 79. Rd6+ Kc7 80. Nd5+ Kb7 81. Rb6+ Ka7 82. Rb3 Rh8 83. Kd6 Rh6+ 84. Kc5 Rh5 85. Re3 Rh7 86. Rf3 Kb7 87. Rb3+ Ka7 88. Rb6 Rh5 89. Rg6 Rh7 90. Rg4 Kb7 91. Rb4+ Ka7 92. Rb1 Rh5 93. Rf1 Rh7 94. Kc6 Rh6+ 95. Kc5 Rh7 96. Rf8 Kb7 97. Kb5 Ka7 98. Nf4 Kb7 99. Ne6 Rh5+ 100. Nc5+ Kc7 101. Rf6 Rh1 102. Rc6+ Kd8 103. Re6 Kc7 104. Rc6+ Kd8 105. Kc4 Ke7 106. Kd4 Rh4+ 107. Ne4 Kd7 108. Rg6 Kc7 109. Kd5 Rh5+ 110. Ng5 Rh1 111. Nf3 Rh5+ 112. Ne5 Kb7 113. Re6 Rh7 114. Kc5 Ka7 115. Re8 Kb7 116. Re6 Ka7 117. Kc6 Rb7 118. Nc4 Rh7 119. Re8 Rb7 120. Nd6 Rb6+ 121. Kc5 Rb1 122. Nb5+ Kb7 123. Re7+ Kc8 124. Na7+ Kd8 1/2-1/2

[Event "GER-ch U16"]
[Site "Willingen"]
[Date "2015.05.26"]
[Round "5"]
[White "Rinck, Michael"]
[Black "Gretz, Denis"]
[Result "1-0"]
[WhiteElo "1914"]
[BlackElo "2223"]
[PlyCount "71"]
[EventDate "2015.05.24"]
[EventType "swiss"]
[EventRounds "9"]
[EventCountry "GER"]
[SourceTitle "CBM 166 Extra"]
[Source "ChessBase"]
[SourceDate "2015.06.18"]
[SourceVersion "1"]
[SourceVersionDate "2015.06.18"]
[SourceQuality "1"]

1. c4 f5 2. Nc3 Nf6 3. g3 g6 4. Bg2 Bg7 5. d3 d6 6. e4 fxe4 7. dxe4 c5 8. Nge2 Nc6 9. 0-0 0-0 10. h3 e5 11. Bg5 Nd4 12. Nd5 Be6 13. Nxd4 exd4 14. Nxf6+ Bxf6 15. Bxf6 Qxf6 16. Qd3 Qf7 17. b3 Qd7 18. Kh2 Rab8 19. a4 a6 20. a5 b5 21. axb6 Rxb6 22. Ra3 Rfb8 23. f4 Rb4 24. f5 Bf7 25. h4 a5 26. Bh3 Qb7 27. fxg6 hxg6 28. Qf3 Re8 29. h5 gxh5 30. Bf5 Kg7 31. g4 Qe7 32. Rxa5 Qh4+ 33. Kg2 hxg4 34. Bxg4 Bg6 35. Ra7+ Kg8 36. Be6+ 1-0

[Event "GER-ch U16"]
[Site "Willingen"]
[Date "2015.05.24"]
[Round "1"]
[White "Rinck, Michael"]
[Black "Lagunow, Raphael"]
[Result "0-1"]
[WhiteElo "1914"]
[BlackElo "2164"]
[PlyCount "68"]
[EventDate "2015.05.24"]
[EventType "swiss"]
[EventRounds "9"]
[EventCountry "GER"]
[SourceTitle "CBM 166 Extra"]
[Source "ChessBase"]
[SourceDate "2015.06.18"]
[SourceVersion "1"]
[SourceVersionDate "2015.06.18"]
[SourceQuality "1"]

1. c4 Nf6 2. g3 g6 3. Bg2 Bg7 4. Nc3 c5 5. e4 Nc6 6. Nge2 0-0 7. 0-0 Rb8 8. d3 a6 9. a4 d6 10. h3 Ne8 11. Be3 Nc7 12. d4 cxd4 13. Nxd4 Ne6 14. Nde2 Nc5 15. Rb1 Nb4 16. Nd5 Nxd5 17. cxd5 Bd7 18. b3 a5 19. Nd4 b5 20. Nxb5 Bxb5 21. axb5 Rxb5 22. Bxc5 dxc5 23. Qc2 Qb6 24. Rfc1 Bd4 25. Bf1 Rb4 26. Bc4 Rb8 27. Kg2 a4 28. Qe2 axb3 29. e5 Ra8 30. d6 Ra2 31. dxe7 Qc6+ 32. Bd5 Qxd5+ 33. Kg1 Rxe2 34. e8Q+ Kg7 0-1

[Event "Niedersachsen-ch U16"]
[Site "Norderney"]
[Date "2014.04.13"]
[Round "4"]
[White "Rinck, Michael"]
[Black "Weiss, Andreas"]
[Result "1-0"]
[WhiteElo "1876"]
[BlackElo "1577"]
[PlyCount "51"]
[EventDate "2014.04.??"]
[EventType "swiss"]
[EventRounds "9"]
[EventCountry "GER"]
[SourceTitle "EXT 2017"]
[Source "ChessBase"]
[SourceDate "2016.10.25"]
[SourceVersion "1"]
[SourceVersionDate "2016.10.25"]
[SourceQuality "1"]

1. e4 e5 2. Nf3 Nc6 3. d4 exd4 4. Bc4 d6 5. Nxd4 Nxd4 6. Qxd4 Be6 7. Bxe6 fxe6 8. e5 d5 9. 0-0 Qd7 10. Nc3 g6 11. Bg5 h6 12. Bf6 Rh7 13. Rfe1 a6 14. Rad1 Ne7 15. Bxe7 Bxe7 16. Ne4 0-0-0 17. c4 c6 18. cxd5 Qxd5 19. Qa4 Qb5 20. Rxd8+ Kxd8 21. Qd4+ Qd5 22. Qb6+ Kc8 23. Nc3 Qc5 24. Qb3 Kc7 25. Qxe6 g5 26. Qg8 1-0

[Event "Niedersachsen-ch U16"]
[Site "Norderney"]
[Date "2014.04.12"]
[Round "1"]
[White "Thieu, Nguyen Gia Luat"]
[Black "Rinck, Michael"]
[Result "1/2-1/2"]
[WhiteElo "1649"]
[BlackElo "1876"]
[PlyCount "69"]
[EventDate "2014.04.??"]
[EventType "swiss"]
[EventRounds "9"]
[EventCountry "GER"]
[SourceTitle "EXT 2017"]
[Source "ChessBase"]
[SourceDate "2016.10.25"]
[SourceVersion "1"]
[SourceVersionDate "2016.10.25"]
[SourceQuality "1"]

1. e4 e6 2. d3 d5 3. Nd2 Nf6 4. Ngf3 b6 5. g3 dxe4 6. dxe4 Bb7 7. Qe2 Nc6 8. a3 Bc5 9. Bg2 a5 10. Nb3 Be7 11. 0-0 Ba6 12. c4 0-0 13. Rd1 Bxc4 14. Qc2 Bxb3 15. Qxb3 Qe8 16. Ng5 Rd8 17. Rxd8 Nxd8 18. e5 Nd7 19. Qc2 Bxg5 20. Bxg5 c5 21. Rd1 f6 22. exf6 Nxf6 23. Qb3 Qg6 24. Bxf6 Qxf6 25. Qxb6 Qxf2+ 26. Kh1 Qc2 27. Rg1 a4 28. Qd6 Qxb2 29. Qxc5 Qb3 30. Qb4 Nf7 31. Bc6 Qxb4 32. axb4 Rb8 33. Bxa4 Rxb4 34. Bd7 e5 35. Be6 1/2-1/2

[Event "GER-chT Lands U20"]
[Site "Hannover"]
[Date "2013.10.04"]
[Round "4.4"]
[White "Steimbach, Isabel"]
[Black "Rinck, Michael"]
[Result "0-1"]
[WhiteElo "1833"]
[BlackElo "1867"]
[PlyCount "168"]
[EventDate "2013.10.02"]
[EventType "team-swiss"]
[EventRounds "7"]
[EventCountry "GER"]
[SourceTitle "EXT 2014"]
[Source "ChessBase"]
[SourceDate "2013.11.20"]
[SourceVersion "1"]
[SourceVersionDate "2013.11.20"]
[SourceQuality "1"]
[WhiteTeam "Baden"]
[BlackTeam "Niedersachsen II"]
[WhiteTeamCountry "GER"]
[BlackTeamCountry "GER"]

1. e4 e6 2. d4 d5 3. e5 c5 4. c3 Qb6 5. Nf3 Bd7 6. a3 cxd4 7. cxd4 Bb5 8. Qb3 Bxf1 9. Qxb6 axb6 10. Kxf1 b5 11. Nc3 b4 12. Nb5 Kd7 13. a4 Nc6 14. b3 Na7 15. Nxa7 Rxa7 16. Bd2 Nh6 17. Ke2 Be7 18. Ra2 Rha8 19. Rha1 Ra5 20. Ne1 b5 21. Nc2 bxa4 22. Bxb4 Bxb4 23. Nxb4 axb3 24. Rxa5 Rxa5 25. Rb1 Ra3 26. Nd3 Nf5 27. Nc5+ Kc6 28. Kd3 b2+ 29. Kd2 Nxd4 30. Nd3 Rb3 31. Rxb2 Rxb2+ 32. Nxb2 Kc5 33. f4 Nc6 34. Nd3+ Kd4 35. Nf2 Na5 36. g3 Nc4+ 37. Ke2 Kc3 38. Nd3 d4 39. g4 Ne3 40. h3 Nd5 41. f5 Nb4 42. fxe6 fxe6 43. Nc5 d3+ 44. Kd1 Nd5 45. Na4+ Kd4 46. Kd2 Kxe5 47. Kxd3 Nf4+ 48. Ke3 Nxh3 49. Nc5 Ng5 50. Nd7+ Kd6 51. Nb6 e5 52. Nc4+ Ke6 53. Nb6 Nf7 54. Nc4 Nh6 55. Kf3 Kd5 56. Ne3+ Kd4 57. Nc2+ Kc3 58. Ne1 Kc4 59. Nc2 Kd5 60. Ne3+ Ke6 61. Ke4 Nf7 62. Nc2 Kf6 63. Ne3 Kg5 64. Nf5 Kxg4 65. Nxg7 h5 66. Nf5 h4 67. Ne3+ Kg3 68. Nf5+ Kh3 69. Kf3 Ng5+ 70. Kf2 Kg4 71. Ne3+ Kh5 72. Nf5 h3 73. Kg3 Kg6 74. Ne3 e4 75. Kh2 Kf6 76. Kg3 Ke5 77. Nc2 Kd5 78. Nb4+ Kd4 79. Nc6+ Kd3 80. Ne5+ Ke2 81. Ng4 e3 82. Kf4 Kd3 83. Nxe3 h2 84. Ng4 Nh3+ 0-1

[Event "Niedersachsen-ch U14"]
[Site "Rotenburg"]
[Date "2013.03.27"]
[Round "7"]
[White "Rinck, Michael"]
[Black "Raetzke von Stoyentin, Steffen"]
[Result "1-0"]
[WhiteElo "1796"]
[BlackElo "1789"]
[PlyCount "93"]
[EventDate "2013.03.23"]
[EventType "swiss"]
[EventRounds "9"]
[EventCountry "GER"]
[SourceTitle "EXT 2015"]
[Source "ChessBase"]
[SourceDate "2014.11.20"]
[SourceVersion "1"]
[SourceVersionDate "2014.11.20"]
[SourceQuality "1"]

1. e4 e5 2. Nf3 Nc6 3. Bc4 Bc5 4. c3 Nf6 5. d3 a6 6. Bb3 Ba7 7. 0-0 d6 8. Be3 0-0 9. Re1 Bxe3 10. fxe3 h6 11. Nbd2 Be6 12. Nf1 d5 13. exd5 Bxd5 14. Bxd5 Nxd5 15. Ng3 Qe7 16. Kh1 Rad8 17. Qc2 Rfe8 18. Re2 b5 19. Rf1 b4 20. c4 b3 21. Qxb3 Ndb4 22. d4 Rb8 23. Qa4 exd4 24. exd4 Qd7 25. Rxe8+ Qxe8 26. Re1 Ne7 27. Qxe8+ Rxe8 28. Nf5 Kf8 29. Ne5 f6 30. Nxe7 Kxe7 31. Nd3+ Kd7 32. Rxe8 Nxd3 33. Re2 Nc1 34. Rd2 Nxa2 35. Kg1 Nb4 36. Kf2 Nc6 37. Rd3 Na5 38. b3 Ke7 39. Kf3 Nc6 40. Ke4 Kd6 41. Rg3 g5 42. Rh3 f5+ 43. Kd3 Nb4+ 44. Kd2 c6 45. Rxh6+ Ke7 46. Rh7+ Kf6 47. Rb7 1-0

[Event "Niedersachsen-ch U14"]
[Site "Rotenburg"]
[Date "2013.03.27"]
[Round "6"]
[White "Weiss, Andreas1"]
[Black "Rinck, Michael"]
[Result "0-1"]
[WhiteElo "1384"]
[BlackElo "1796"]
[PlyCount "72"]
[EventDate "2013.03.23"]
[EventType "swiss"]
[EventRounds "9"]
[EventCountry "GER"]
[SourceTitle "EXT 2015"]
[Source "ChessBase"]
[SourceDate "2014.11.20"]
[SourceVersion "1"]
[SourceVersionDate "2014.11.20"]
[SourceQuality "1"]

1. e4 e6 2. d4 d5 3. Nc3 Nf6 4. e5 Nfd7 5. f4 c5 6. Nf3 Nc6 7. Be3 Qb6 8. Na4 Qa5+ 9. c3 cxd4 10. Nxd4 Nxd4 11. Bxd4 b5 12. Nc5 Bxc5 13. Bxc5 Nxc5 14. b4 Qb6 15. bxc5 Qxc5 16. Qd4 Qc6 17. Qb4 Bd7 18. Rb1 a6 19. Bd3 Rc8 20. Rb3 Qc5 21. Qxc5 Rxc5 22. Kd2 Ke7 23. Ra1 Rhc8 24. Rab1 f6 25. h3 h6 26. R1b2 g5 27. g3 gxf4 28. gxf4 fxe5 29. fxe5 Rg8 30. Ke1 Rg3 31. c4 dxc4 32. Bxc4 Rg1+ 33. Kf2 bxc4 34. Rc3 Rh1 35. Re2 Rh2+ 36. Kf3 Bc6+ 0-1

[Event "Niedersachsen-ch U14"]
[Site "Rotenburg"]
[Date "2013.03.26"]
[Round "5"]
[White "Rinck, Michael"]
[Black "Sieber, Fiona"]
[Result "1-0"]
[WhiteElo "1796"]
[BlackElo "1827"]
[PlyCount "77"]
[EventDate "2013.03.23"]
[EventType "swiss"]
[EventRounds "9"]
[EventCountry "GER"]
[SourceTitle "EXT 2015"]
[Source "ChessBase"]
[SourceDate "2014.11.20"]
[SourceVersion "1"]
[SourceVersionDate "2014.11.20"]
[SourceQuality "1"]

1. e4 c5 2. Nf3 d6 3. d4 cxd4 4. Nxd4 Nf6 5. Nc3 Nc6 6. Bg5 e6 7. Qd2 Be7 8. f3 h6 9. Be3 e5 10. Nde2 Be6 11. Nd5 Qd7 12. Nec3 0-0 13. g4 Bxd5 14. exd5 Nb4 15. h4 Nxg4 16. fxg4 Qxg4 17. Bf2 Rac8 18. Rg1 Qf4 19. Qxf4 exf4 20. Kd2 Bf6 21. Bg2 Na6 22. Raf1 Nc5 23. Bxc5 Rxc5 24. Rxf4 Be5 25. Rf3 Rc4 26. Rh1 Rg4 27. Bf1 f5 28. h5 Rg5 29. a4 Rg3 30. Rxg3 Bxg3 31. Bg2 Be5 32. Rf1 f4 33. b3 Rf5 34. Bf3 Kf7 35. Ne4 Ke7 36. Rg1 Bd4 37. Rd1 Rxd5 38. Ke2 Ke6 39. c4 1-0

[Event "Niedersachsen-ch op-A"]
[Site "Verden"]
[Date "2013.01.03"]
[Round "1"]
[White "Klettke, Wolfgang"]
[Black "Rinck, Michael"]
[Result "1-0"]
[WhiteElo "2039"]
[BlackElo "1799"]
[PlyCount "65"]
[EventDate "2013.01.03"]
[EventType "swiss"]
[EventRounds "7"]
[EventCountry "GER"]
[SourceTitle "EXT 2014"]
[Source "ChessBase"]
[SourceDate "2013.11.20"]
[SourceVersion "1"]
[SourceVersionDate "2013.11.20"]
[SourceQuality "1"]

1. e4 e6 2. d4 d5 3. Nd2 Nf6 4. e5 Nfd7 5. Bd3 c5 6. c3 Nc6 7. Ne2 Be7 8. 0-0 0-0 9. f4 Qb6 10. Nf3 cxd4 11. cxd4 f6 12. Kh1 f5 13. h3 Ndb8 14. g4 fxg4 15. hxg4 Bd7 16. Kg2 Nb4 17. Bb1 Bb5 18. Rh1 Qa6 19. Bxh7+ Kf7 20. Nc3 Bd3 21. f5 Ke8 22. a3 exf5 23. axb4 Qxa1 24. Qxd3 fxg4 25. Bg6+ Kd8 26. Ng5 Kc8 27. Nxd5 Bxg5 28. Qc2+ Nc6 29. Bxg5 Qa6 30. Bd3 Qa2 31. Ne7+ Kb8 32. Nxc6+ bxc6 33. Bc4 1-0

[Event "Bad Harzburg op 13th"]
[Site "Bad Harzburg"]
[Date "2012.11.03"]
[Round "7.14"]
[White "Rinck, Michael"]
[Black "Mielke, Norman"]
[Result "1/2-1/2"]
[WhiteElo "1736"]
[BlackElo "2022"]
[PlyCount "78"]
[EventDate "2012.10.30"]
[EventType "swiss"]
[EventRounds "8"]
[EventCountry "GER"]
[SourceTitle "EXT 2022"]
[Source "ChessBase"]
[SourceDate "2021.10.06"]
[SourceVersion "1"]
[SourceVersionDate "2021.10.06"]
[SourceQuality "1"]

1. e4 d6 2. d4 Nf6 3. Nc3 c6 4. Be3 Qb6 5. a3 Ng4 6. Be2 Nxe3 7. fxe3 e5 8. Nf3 Qc7 9. 0-0 Be7 10. Bc4 0-0 11. Qe1 b5 12. Bb3 a6 13. Qg3 Bf6 14. Rad1 Qe7 15. Rd2 Nd7 16. Rdf2 Kh8 17. h4 d5 18. exd5 c5 19. dxc5 Nxc5 20. e4 Nxb3 21. cxb3 h6 22. Qh2 Kg8 23. b4 Qd6 24. Nd4 Bd8 25. Nf5 Bxf5 26. Rxf5 f6 27. Qg3 Bb6+ 28. Kh1 Rac8 29. Rd1 Rc4 30. Re1 Rfc8 31. Ref1 Rf8 32. Qd3 Rd4 33. Qe2 Rc4 34. g4 Bd4 35. R5f3 Qd7 36. Rd3 Rfc8 37. Rc1 R8c7 38. Rg3 Qc8 39. Qd2 Bxc3 1/2-1/2

[Event "Bad Harzburg op 13th"]
[Site "Bad Harzburg"]
[Date "2012.11.01"]
[Round "5"]
[White "Rinck, Michael"]
[Black "Schmitt, Carsten1"]
[Result "1/2-1/2"]
[WhiteElo "1736"]
[BlackElo "2001"]
[PlyCount "47"]
[EventDate "2012.10.30"]
[EventType "swiss"]
[EventRounds "8"]
[EventCountry "GER"]
[SourceTitle "EXT 2014"]
[Source "ChessBase"]
[SourceDate "2013.11.20"]
[SourceVersion "1"]
[SourceVersionDate "2013.11.20"]
[SourceQuality "1"]

1. e4 c5 2. d4 cxd4 3. c3 Nf6 4. e5 Nd5 5. cxd4 Nc6 6. Nf3 d6 7. exd6 Qxd6 8. Nc3 Bg4 9. Be2 Nf4 10. Bxf4 Qxf4 11. Qa4 Bd7 12. Nd5 Qb8 13. 0-0 e6 14. Nc3 Be7 15. d5 exd5 16. Nxd5 Nb4 17. Bb5 Nxd5 18. Bxd7+ Kf8 19. Rfe1 Nf6 20. Ne5 Bd6 21. Rac1 Qd8 22. Rcd1 Qc7 23. Qd4 Bxe5 24. Qxe5 1/2-1/2

[Event "Bad Harzburg op 13th"]
[Site "Bad Harzburg"]
[Date "2012.10.31"]
[Round "3"]
[White "Rinck, Michael"]
[Black "Brouer, Pieter"]
[Result "1/2-1/2"]
[WhiteElo "1736"]
[BlackElo "2010"]
[PlyCount "79"]
[EventDate "2012.10.30"]
[EventType "swiss"]
[EventRounds "8"]
[EventCountry "GER"]
[SourceTitle "EXT 2014"]
[Source "ChessBase"]
[SourceDate "2013.11.20"]
[SourceVersion "1"]
[SourceVersionDate "2013.11.20"]
[SourceQuality "1"]

1. e4 g6 2. d4 Bg7 3. Nc3 d6 4. Be3 a6 5. Bc4 Nd7 6. Nge2 e6 7. f3 b5 8. Bb3 Bb7 9. Nf4 Qe7 10. d5 e5 11. Nd3 Nc5 12. Nxc5 dxc5 13. a3 Bh6 14. Bf2 Rd8 15. Qe2 f5 16. Nxb5 Kd7 17. Nc3 Kc8 18. Na4 fxe4 19. fxe4 Qg5 20. Bxc5 Nf6 21. Be7 Rd7 22. Bxf6 Qxf6 23. Nc5 Rd6 24. Qg4+ Kb8 25. Rf1 Qe7 26. Nxb7 Kxb7 27. Ke2 Rb6 28. Rf3 Qc5 29. Rc3 Qb5+ 30. Ke1 Rf8 31. Qe2 Qa5 32. Qc4 Rbf6 33. Rd1 Qb6 34. Rf3 Qg1+ 35. Qf1 Qe3+ 36. Qe2 Rxf3 37. gxf3 Rxf3 38. Qxe3 Rxe3+ 39. Kf2 Rxe4 40. d6 1/2-1/2

[Event "Niedersachsen-ch op-B"]
[Site "Verden"]
[Date "2012.01.04"]
[Round "6"]
[White "Rinck, Michael"]
[Black "Hurink, Maarten"]
[Result "1/2-1/2"]
[WhiteElo "1687"]
[BlackElo "1818"]
[PlyCount "41"]
[EventDate "2012.01.02"]
[EventType "swiss"]
[EventRounds "7"]
[EventCountry "GER"]
[SourceTitle "EXT 2021"]
[Source "ChessBase"]
[SourceDate "2020.10.23"]
[SourceVersion "1"]
[SourceVersionDate "2020.10.23"]
[SourceQuality "1"]

1. e4 c5 2. d4 cxd4 3. c3 Nf6 4. e5 Nd5 5. cxd4 d6 6. exd6 e6 7. Bc4 Bxd6 8. Bxd5 exd5 9. Nf3 0-0 10. 0-0 Bg4 11. h3 Bh5 12. Nc3 Nc6 13. Be3 Bb4 14. a3 Bxc3 15. bxc3 Na5 16. g4 Bg6 17. Nd2 Bd3 18. Re1 Bc4 19. Qf3 Rc8 20. Rec1 Qd7 21. Qf4 1/2-1/2

[Event "Niedersachsen-ch op-B"]
[Site "Verden"]
[Date "2012.01.02"]
[Round "1"]
[White "Pollmann, Sascha"]
[Black "Rinck, Michael"]
[Result "1-0"]
[WhiteElo "2053"]
[BlackElo "1687"]
[PlyCount "72"]
[EventDate "2012.01.02"]
[EventType "swiss"]
[EventRounds "7"]
[EventCountry "GER"]
[SourceTitle "EXT 2021"]
[Source "ChessBase"]
[SourceDate "2020.10.23"]
[SourceVersion "1"]
[SourceVersionDate "2020.10.23"]
[SourceQuality "1"]

1. Nf3 Nf6 2. g3 d5 3. Bg2 Nc6 4. d4 g6 5. 0-0 Bg7 6. c3 0-0 7. Nbd2 Bf5 8. Qb3 Rb8 9. Re1 Na5 10. Qa4 Nc6 11. b4 a6 12. Qb3 Qd7 13. a4 Bh3 14. Bh1 b5 15. axb5 axb5 16. Ng5 Bf5 17. e4 dxe4 18. Ngxe4 Nxe4 19. Nxe4 Bxe4 20. Bxe4 e6 21. Ra6 Ne7 22. Bf4 Rbc8 23. Bg5 h6 24. Bxe7 Qxe7 25. Bc6 Rb8 26. Ra5 Rb6 27. Bxb5 Rfb8 28. Bf1 Qd6 29. Bg2 Kh7 30. Qc4 Rc8 31. Rc5 h5 32. Ra1 Kg8 33. Ra7 c6 34. Ra6 Rxa6 35. Qxa6 Bxd4 36. Qxc8+ Kh7 1-0

[Event "Niedersachsen-ch op"]
[Site "Verden"]
[Date "2011.01.04"]
[Round "6"]
[White "Raetzke von Stoyentin, Steffen"]
[Black "Rinck, Michael"]
[Result "1-0"]
[WhiteElo "1611"]
[BlackElo "1348"]
[PlyCount "112"]
[EventDate "2011.01.02"]
[EventType "swiss"]
[EventRounds "7"]
[EventCountry "GER"]
[SourceTitle "EXT 2018"]
[Source "ChessBase"]
[SourceDate "2017.10.13"]
[SourceVersion "1"]
[SourceVersionDate "2017.10.13"]
[SourceQuality "1"]

1. d4 Nf6 2. c4 e6 3. Nf3 b6 4. Nc3 Bb4 5. g3 Bb7 6. Bg2 0-0 7. 0-0 Bxc3 8. bxc3 d6 9. Ba3 c5 10. Rb1 Re8 11. dxc5 dxc5 12. Qxd8 Rxd8 13. Bxc5 Bxf3 14. Bxf3 Nbd7 15. Bxa8 Rxa8 16. Be3 Rc8 17. Rb4 a5 18. Rb3 h6 19. Bxb6 Nxb6 20. Rxb6 Rxc4 21. Ra6 a4 22. Ra8+ Kh7 23. Ra7 Kg6 24. f3 Nd5 25. Rc1 Rxc3 26. Rxc3 Nxc3 27. Kf2 Nxa2 28. Rxa4 Nc3 29. Ra7 Nd5 30. e4 Nf6 31. h4 h5 32. Kg2 e5 33. Re7 Ng8 34. Rxe5 f6 35. Ra5 Nh6 36. Kh3 Nf7 37. f4 Nd8 38. g4 hxg4+ 39. Kxg4 Nc6 40. Rd5 Ne7 41. Rc5 Kh6 42. h5 g6 43. hxg6 Kxg6 44. Rc7 Ng8 45. Ra7 Nh6+ 46. Kh4 Nf7 47. Rd7 Nh6 48. f5+ Nxf5+ 49. exf5+ Kxf5 50. Kg3 Ke4 51. Kf2 f5 52. Re7+ Kf4 53. Rf7 Ke4 54. Kg3 Ke5 55. Kf3 Ke6 56. Rf8 Ke5 1-0

[Event "Niedersachsen-ch op"]
[Site "Verden"]
[Date "2011.01.03"]
[Round "3"]
[White "Moeller, Hannah Sophie"]
[Black "Rinck, Michael"]
[Result "0-1"]
[WhiteElo "954"]
[BlackElo "1348"]
[PlyCount "98"]
[EventDate "2011.01.02"]
[EventType "swiss"]
[EventRounds "7"]
[EventCountry "GER"]
[SourceTitle "EXT 2018"]
[Source "ChessBase"]
[SourceDate "2017.10.13"]
[SourceVersion "1"]
[SourceVersionDate "2017.10.13"]
[SourceQuality "1"]

1. e4 c5 2. Nf3 Nc6 3. d4 cxd4 4. Nxd4 g6 5. c4 Bg7 6. Be3 d6 7. Be2 Nf6 8. Nc3 0-0 9. 0-0 Re8 10. Qd2 Ng4 11. Bxg4 Bxg4 12. f3 Bd7 13. a3 Qc8 14. Kh1 Na5 15. Qd3 Qxc4 16. Qxc4 Nxc4 17. Bf2 a6 18. b3 Nd2 19. Rfd1 Bxd4 20. Bxd4 Nxb3 21. Rab1 Nxd4 22. Rxd4 Bc6 23. Rc4 Rec8 24. Rc1 Bb5 25. Rxc8+ Rxc8 26. Ne2 Rxc1+ 27. Nxc1 Bc4 28. Kg1 b5 29. Kf2 Kg7 30. Ke3 Kf6 31. g4 g5 32. Kd4 e5+ 33. Kc3 Ke6 34. Kb4 d5 35. Nb3 Bxb3 36. Kxb3 d4 37. Kc2 Kd6 38. Kd3 Kc5 39. Kd2 b4 40. axb4+ Kxb4 41. Kc2 a5 42. Kb2 d3 43. Kc1 Kc3 44. Kd1 a4 45. Kc1 d2+ 46. Kd1 Kd3 47. f4 a3 48. fxg5 a2 49. h4 a1Q# 0-1